Wireless Networks Design and Integration for ite, EVDO, HSPA, and WIMAX 3rd ed/ (Record no. 60736)

MARC details
000 -LEADER
fixed length control field 00539pam a2200169 a 4500
020 ## - INTERNATIONAL STANDARD BOOK NUMBER
International Standard Book Number 9789339218157
Terms of availability
041 ## - LANGUAGE CODE
Language code of original
082 ## - DEWEY DECIMAL CLASSIFICATION NUMBER
Classification number 621.384
Item number SMI/COL
100 ## - MAIN ENTRY--PERSONAL NAME
Personal name Smith C.,.
Relator term author.
245 ## - TITLE STATEMENT
Title Wireless Networks Design and Integration for ite, EVDO, HSPA, and WIMAX 3rd ed/
Medium Textual Documents
250 ## - EDITION STATEMENT
Edition statement 3rd ed.
260 ## - PUBLICATION, DISTRIBUTION, ETC.
Place of publication, distribution, etc. New Delhi
Name of publisher, distributor, etc. Mc Graw Hill Education (India) Private Limited
Date of publication, distribution, etc. 2014 (c), 2019
300 ## - PHYSICAL DESCRIPTION
Extent xxii/729:
Other physical details p.b.;
Dimensions 24*19.
653 ## - INDEX TERM--UNCONTROLLED
Uncontrolled term Mobile Communication
700 ## - ADDED ENTRY--PERSONAL NAME
Personal name Collins D.,
Relator term author.
930 ## - EQUIVALENCE OR CROSS-REFERENCE-UNIFORM TITLE HEADING [LOCAL, CANADA]
Uniform title 17515
Holdings
Withdrawn status Lost status Damaged status Not for loan Collection Home library Current library Shelving location Date acquired Source of acquisition Cost, normal purchase price Total Checkouts Full call number Barcode Date last seen Copy number Price effective from Koha item type
        EWP College of Engineering for Women, Pune College of Engineering for Women, Pune F-ROW-20:CUP-84 12/12/2019 Bharati Madhyavarti Sahakari Grahak Bhandar Ltd., 985.00   621.384 SMI/COL EWP-22406 24/02/2023 1 24/02/2023 Book